port Logistics / (Record no. 528065)
[ view plain ]
| 000 -LEADER | |
|---|---|
| fixed length control field | 00304nam a22001337a 4500 |
| 003 - CONTROL NUMBER IDENTIFIER | |
| control field | NUST |
| 038 ## - RECORD CONTENT LICENSOR | |
| Staff Name | M.Ramzan |
| 082 ## - DEWEY DECIMAL CLASSIFICATION NUMBER | |
| Classification number | 387.166 |
| Author Mark | TRA |
| 100 ## - MAIN ENTRY--PERSONAL NAME | |
| Personal name | Trade logistics group |
| 9 (RLIN) | 19599 |
| 245 ## - TITLE STATEMENT | |
| Title | port Logistics / |
| Statement of responsibility, etc. | Trade logistics group |
| 260 ## - PUBLICATION, DISTRIBUTION, ETC. | |
| Date of publication, distribution, etc. | 2004 |
| 300 ## - PHYSICAL DESCRIPTION | |
| Extent | 92 p, : |
| Dimensions | 25cm |
| 942 ## - ADDED ENTRY ELEMENTS (KOHA) | |
| Source of classification or shelving scheme | |
| Koha item type | Book |
| Withdrawn status | Lost status | Source of classification or shelving scheme | Damaged status | Not for loan | Permanent Location | Current Location | Date acquired | Total Checkouts | Full call number | Barcode | Date last seen | Price effective from | Koha item type |
|---|---|---|---|---|---|---|---|---|---|---|---|---|---|
| School of Civil and Environmental Engineering (SCEE) | School of Civil and Environmental Engineering (SCEE) | 08/27/2019 | 387.166 TRA | NIT-10199 | 08/27/2019 | 08/27/2019 | Book |
